LEADER 01352nam a2200277 u 4500 001 000000105599 003 CaOOAMICUS 005 20070612155736.0 008 070612s2006 fr u000 u fre u 020 $a2-7116-1827-7 040 $aPUL$bita$dLDB 100 1 $aOliva, Adriano.$0(OLS)http://pul/name/64837 245 14$aLes débuts de l'enseignement de Thomas d'Aquin et sa conception de la Sacra Doctrina :$bavec l'édition du prologue de son Commentaire des Sentences /$cpar Adriano Oliva. 260 $aParis :$bJ. Vrin,$c2006. 300 $a416 p. ;$c24 cm 490 1 $aBibliothèque thomiste ;$v58 504 $aBibliografia : p. [347]-404. 600 04$aThomas Aquinas,$cs.,$dc. 1225-1274.$0(OLS)http://pul/subject/448 830 0$aBibliothèque thomiste ;$v58.$0(OLS)http://pul/title/1273 850 $aPUL 852 $aPUL$W1$xSL Religione 1$y3$m78 D 58$j118335$qStampati$B118236$CPULBib$Z2$F118236 $H104480 $82 941 1 $a8 960 $aTommaso d'Aquino,$cs.,$d1225-1274$9448 996 $6020$a2-7116-1827-7$9(OLS)http://pul/number/134792 996 $6245$aLes débuts de l'enseignement de Thomas d'Aquin et sa conception de la Sacra Doctrina :$bavec l'édition du prologue de son Commentaire des Sentences$9(OLS)http://pul/title/132914 996 $6260$aParis :$bJ. Vrin$9(OLS)http://pul/publisher/48393 LEADER 01044nam a2200277 u 4500 001 000000081427 003 CaOOAMICUS 005 20070226123744.0 008 050322s1934 it u000 u ita u 035 $a11035584 040 $aPUL(R)$bita 041 1 $aita$hgrc 100 0 $aPlato,$d427-347 a.C.$0(OLS)http://pul/name/250 240 10$aSymposium$9(Plato, 427-347 a.C.).$lItaliano.$0(OLS)http://pul/title/106507 245 13$aIl Convito /$cPlatone ; traduzione di Maria Timpanaro Cardini. 260 $aLanciano :$bCarabba,$c1934. 300 $a93 p. ;$c19 cm 490 1 $aCultura dell'anima ;$v106 504 $aBibliografia in nota. 830 0$aCultura dell'anima (Carabba) ;$v106.$0(OLS)http://pul/title/12231 850 $aPUL 852 $aPUL$W1$xDP1 Fondo Cecchetti$y53$m260 N 79$j103869$nBK-PRI$b $qFondi$B103869$CPULBib$Z2$F103869 $82 900 $aPlatone,$d427-347 a.C.$9250 941 1 $a1 996 $6245$aIl Convito$9(OLS)http://pul/title/106508 996 $6260$aLanciano :$bCarabba$9(OLS)http://pul/publisher/51250